000
00215nam a22000857a 4500
008
160804b xxu||||| |||| 00| 0 eng d
100
_9
18
_a
Sial P.S
245
_a
English-IX
260
_a
New Delhi
_b
S.Chand Publication
_c
2012
999
_c
2668
_d
2668